000 00622nam a2200145Ia 4500
005 20260209120129.0
008 260209s9999||||xx |||||||||||||| ||und||
100 _aKhumtiya Debbarma
245 0 _aForests and rights of indigenous people - a case study of north east India
260 _aBangaloreBangalore
_bNLSIU
_c2011
300 _a105 p. ; 25 cm.
650 _aForest Rights Act - India Indigenous People - Rights in Forest - North East India Traditional Knowledge - North East India
700 _aProf. (Dr.) M K Ramesh - GuideProf. (Dr.) M K Ramesh - Guide
856 _uhttps://dans.nls.ac.in/handle/123456789/1970
999 _c216970
_d216970